Cricket: Men's All-Time ICC Test Bowling Rankings - Statistics

General Stats
  • This quiz has been taken 25 times
  • The average score is 14 of 20
Answer Stats
Country Year Rating Answer % Correct
SA 2014 909 Dale Steyn
92%
AUS 2001 914 Glenn McGrath
92%
SL 2007 920 Muttiah Muralitharan
92%
PAK 1983 922 Imran Khan
88%
WI 1988 910 Malcolm Marshall
88%
AUS 1994 905 Shane Warne
88%
WI 1994 912 Sir Curtly Ambrose
88%
IND 2016 904 Ravichandran Ashwin
83%
NZ 1985 909 Sir Richard Hadlee
83%
ENG 1980 911 Lord Ian Botham
79%
SA 1999 909 Shaun Pollock
79%
PAK 1993 909 Waqar Younis
79%
AUS 2019 914 Pat Cummins
75%
SA 2013 912 Vernon Philander
67%
ENG 1914 932 Sydney Barnes
58%
ENG 1971 907 Derek Underwood
54%
ENG 1953 903 Alec Bedser
42%
ENG 1896 931 George Lohmann
38%
ENG 1958 912 Tony Lock
29%
AUS 1961 908 Alan Davidson
21%
No matching quizzes found
Score Distribution
Percent of People with Each Score
Percentile by Number Answered
Your Score History
You have not taken this quiz